000 00572nam a22002177i 4500
003 URS
005 20220114152558.0
008 170222b xxu||||| |||| 00| 0 eng d
020 _a0140182063
040 _erda
_cURSP-College Library
_beng
050 0 0 _bL4351 1950
100 1 _aLawrence, D.H.
245 _aThe Lost Girl
_cD.H. Lawrence
264 1 _aLondon
_bPenguin Books
_c1950.
300 _a380pages
_c20cm.
336 _atext
_btxt
_2rdacontent
337 _aunmediated
_bn
_2rdamedia
338 _avolume
_bnc
_2rdacarrier
500 _aIncludes
942 _2lcc
_cFR
999 _c6950
_d6950